al-Diblūmāsīyah al-Ṣahyūnīyah (Record no. 49915)

MARC details
000 -LEADER
fixed length control field 00734cam a22002291 4500
001 - CONTROL NUMBER
control field ne 68000056
003 - CONTROL NUMBER IDENTIFIER
control field DLC
005 - DATE AND TIME OF LATEST TRANSACTION
control field 20260227111836.0
008 - FIXED-LENGTH DATA ELEMENTS--GENERAL INFORMATION
fixed length control field 840321s1967 le 000 0 arar
010 ## - LIBRARY OF CONGRESS CONTROL NUMBER
LC control number ne 68000056
035 ## - SYSTEM CONTROL NUMBER
System control number (OCoLC)10546112
040 ## - CATALOGING SOURCE
Original cataloging agency DLC
Transcribing agency TxU
Modifying agency TxU
-- DLC
042 ## - AUTHENTICATION CODE
Authentication code premarc
050 00 - LIBRARY OF CONGRESS CALL NUMBER
Classification number DS149
Item number .S4828
100 1# - MAIN ENTRY--PERSONAL NAME
Personal name Sayegh, Fayez A.
Fuller form of name (Fayez Abdullah),
Dates associated with a name 1922-1980.
245 13 - TITLE STATEMENT
Title al-Diblūmāsīyah al-Ṣahyūnīyah
Statement of responsibility, etc. [taʼlīf] Fāyiz Ṣāyigh.
260 ## - PUBLICATION, DISTRIBUTION, ETC.
Place of publication, distribution, etc. Bayrūt,
Name of publisher, distributor, etc. Munaẓẓamat al-Taḥrīr al-Filasṭīnīyah, Markaz al-Abḥāth,
Date of publication, distribution, etc. 1967.
300 ## - PHYSICAL DESCRIPTION
Extent 224 p.
Dimensions 19 cm.
440 #0 - SERIES STATEMENT/ADDED ENTRY--TITLE
Title Dirāsāt Filasṭīnīyah,
Volume/sequential designation 13
504 ## - BIBLIOGRAPHY, ETC. NOTE
Bibliography, etc. note Bibliographical footnotes.
650 #0 - SUBJECT ADDED ENTRY--TOPICAL TERM
Topical term or geographic name entry element Zionism
General subdivision History.

No items available.

Powered by Koha